Hacia el control nacional del sector azucarero : la Era de Trujillo (Record no. 60351)
[ view plain ]
| 000 -CABECERA | |
|---|---|
| campo de control de longitud fija | 01242nab a2200217 i 4500 |
| 001 - NÚMERO DE CONTROL | |
| campo de control | DO-SdBNP |
| 005 - FECHA Y HORA DE LA ÚLTIMA TRANSACCIÓN | |
| campo de control | 20260218084716.0 |
| 007 - CAMPO FIJO DE DESCRIPCIÓN FÍSICA--INFORMACIÓN GENERAL | |
| campo de control de longitud fija | ta |
| 008 - DATOS DE LONGITUD FIJA--INFORMACIÓN GENERAL | |
| campo de control de longitud fija | 260218e1975 dr qn|p|r||||||0| | spa d |
| 040 ## - FUENTE DE LA CATALOGACIÓN | |
| Centro catalogador/agencia de origen | DO-SdBNP |
| Lengua de catalogación | spa |
| Centro/agencia transcriptor | BNPHU |
| Normas de descripción | rda |
| 041 ## - CÓDIGO DE LENGUA | |
| Código de lengua original | spa |
| 100 1# - ENTRADA PRINCIPAL--NOMBRE DE PERSONA | |
| Nombre de persona | Báez, Frank, |
| Fechas asociadas al nombre | 1978- |
| 9 (RLIN) | 33651 |
| 245 ## - MENCIÓN DE TÍTULO | |
| Título | Hacia el control nacional del sector azucarero : la Era de Trujillo |
| 336 ## - TIPO DE CONTENIDO | |
| Término de tipo de contenido | texto |
| Código de tipo de contenido | txt |
| Fuente | rdacontent |
| 337 ## - TIPO DE MEDIO | |
| Nombre/término del tipo de medio | sin mediación |
| Código del tipo de medio | n |
| Fuente | rdamedia |
| 338 ## - TIPO DE SOPORTE | |
| Nombre/término del tipo de soporte | volumen |
| Código del tipo de soporte | nc |
| Fuente | rdacarrier |
| 520 ## - SUMARIO, ETC. | |
| Sumario, etc. | A partir de la postguerra se inicia un proceso de industrialización cuyo ritmo de inversión en el período 1950-58 aún no había sido superado en el 1970. La sociedad dominicana se debatía en un proceso de tránsito de la economía con predominio de enclave a economía controlada nacionalmente, precisamente en un momento en el cual se efectuaba la culminación del proceso de integración y centralización monopólica del capitalismo a nivel mundial, con Estados Unidos, como centro hegemónico. |
| 650 ## - PUNTO DE ACCESO ADICIONAL DE MATERIA--TÉRMINO DE MATERIA | |
| 9 (RLIN) | 60476 |
| Término de materia o nombre geográfico como elemento de entrada | Industria azucarera, 1950-1958-República Dominicana |
| 773 ## - ENLACE AL DOCUMENTO FUENTE/ENTRADA DE REGISTRO ANFITRIÓN | |
| Parte(s) relacionada(s) | Vol.1, núm.1 (oct-dic, 1975), páginas.101-153 |
| -- | Núm.1 (oct-dic, 1975), páginas.101-153 |
| Título | Realidad contemporánea |
| 942 ## - ELEMENTOS DE PUNTO DE ACCESO ADICIONAL (KOHA) | |
| Fuente del sistema de clasificación o colocación | Dewey Decimal Classification |
| Tipo de ítem Koha | Publicación periódica |
No items available.
